Easy wins for regulation (Record no. 84698)
[ view plain ]
| 000 -LEADER | |
|---|---|
| fixed length control field | 00685cab a22001815a 4500 |
| 001 - CONTROL NUMBER | |
| control field | L158791 |
| 008 - FIXED-LENGTH DATA ELEMENTS--GENERAL INFORMATION | |
| fixed length control field | 150723e2015 xxk 000 0 eng d |
| 035 ## - SYSTEM CONTROL NUMBER | |
| System control number | (Sirsi) u158791 |
| 041 0# - LANGUAGE CODE | |
| Language code of text/sound track or separate title | eng |
| 100 1# - MAIN ENTRY--PERSONAL NAME | |
| Personal name | Humes, Nicholas |
| 245 00 - TITLE STATEMENT | |
| Title | Easy wins for regulation |
| 490 ## - SERIES STATEMENT | |
| Series statement | RICS Building Control |
| Volume/sequential designation | June 2015- July 2015, 16-17(2) |
| 520 ## - SUMMARY, ETC. | |
| Summary, etc. | Nicholas Humes looks at how building information modelling (BIM) can free building control staff from basic checking tasks. |
| 650 24 - SUBJECT ADDED ENTRY--TOPICAL TERM | |
| Topical term or geographic name entry element | BIM |
| 9 (RLIN) | 6219 |
| 651 #4 - SUBJECT ADDED ENTRY--GEOGRAPHIC NAME | |
| Geographic name | United Kingdom |
| Chronological subdivision | |
| 856 48 - ELECTRONIC LOCATION AND ACCESS | |
| Uniform Resource Identifier | <a href="https://www.rics.org/uk/knowledge/journals/building-control-journal">https://www.rics.org/uk/knowledge/journals/building-control-journal</a> |
| Public note | View the journal free of charge at www.rics.org/journals... |
| 942 ## - ADDED ENTRY ELEMENTS (KOHA) | |
| Suppress in OPAC | 0 |
| Withdrawn status | Lost status | Source of classification or shelving scheme | Damaged status | Not for loan | Home library | Current library | Shelving location | Date acquired | Total Checkouts | Full call number | Barcode | Date last seen | Copy number | Price effective from | Koha item type |
|---|---|---|---|---|---|---|---|---|---|---|---|---|---|---|---|
| Dewey Decimal Classification | London | London | Journals | 23/07/2015 | L158791 | 158791-1001 | 06/08/2019 | 1 | 06/08/2019 | Journal article |